Największe złoża granitu - Statystyki

Ogólne statystyki
  • Ten quiz został rozwiązany 17 razy
    12 od ostatniego zresetowania
  • Średni wynik to 12 z 14
Statystyki odpowiedzi
Kontynent Kraj % Poprawnych
Ameryka Południowa Brazylia
100%
Azja Chiny
100%
Europa Rosja
100%
Europa Finlandia
88%
Europa Hiszpania
88%
Azja Indie
88%
Ameryka Północna Kanada
88%
Europa Norwegia
88%
Europa Szwecja
88%
Ameryka Północna USA
88%
Europa Wielka Brytania
88%
Europa Włochy
88%
Europa Francja
75%
Afryka RPA
75%
Nie znaleziono quizów pasujących do podanych kryteriów
Rozkład punktacji
Procent ludzi z każdym wynikiem
Percentyl według liczby udzielonych odpowiedzi
Twoja historia wyników
Nie rozwiązałeś tego quizu od ostatniego zresetowania